000 00298nam a22001337a 4500
008 181005b xxu||||| |||| 00| 0 eng d
020 _a9780071544252
041 _aeng
080 _a311
100 _a55
101 _aSTA
245 _aProbability and Statistics
_cSpiegel, M.R
942 _2udc
_cBK
999 _c48909
_d48909